| 000 | 00581cam a22001457a 4500 | ||
|---|---|---|---|
| 008 | 180718b1940 xxu||||| |||| 00| 0 eng d | ||
| 082 | _aZ231x5412 B436 | ||
| 100 | _aWest Bengal. Paddy and Rice Enquiry Committee | ||
| 245 |
_aReport of the Bengal Paddy and Rice Enquiry Committee, volume 1 _cby Department of Agriculture and Industries, West Bengal |
||
| 260 |
_aCalcutta _bDepartment of Agriculture and Industries _c1940 |
||
| 300 | _a116p. | ||
| 500 | _aChairman: M. Carbery | ||
| 700 | _aWest Bengal. Department of Agriculture and Industries | ||
| 700 | _aCarbery, M. (Chairman) | ||
| 999 |
_c394632 _d394632 |
||